000 01147cam a22001934a 4500
005 20250605164004.0
008 250528s ||||||||||||||||||||||||d
035 _a15731
020 _a60124628
040 _aGR-AtMCL
_bgre
_dGR-AtMCL
_eAACR2
245 1 _aGuide to Business and Finance / The American Economy and How It Works
260 _bHarper & Row Publishers,
_c1972
300 _a280
520 _aPreface, Business is Small: Garment Making, Business is Big: Autos, Business is Innovative, The Shareowner, Profits: Balance Sheets and Income Statements, Government and Business and National Income, The Federal Budget, How Monetary Policy is Made, Antitrust, Regulation, Government as Byer: Defense, The Capital Markets, Bonds, The Equity Markets, The Exchanges, The Over-the-Counter Market, Intermarket Competition, Regulating Securities Markets: the SEC, Mutual Funds, Commodities: Futures, Commodities: Regulation, Foreign Trade and Foreign Exchange, Tariffs and Quotas, Foreign Investment, The International Monetary Structure, Index.
700 1 _aKraus Albert L
_91701
942 _cBK
999 _c1287
_d1287